| 000 | 01645nam0a2200385 4500 | ||
|---|---|---|---|
| 001 | RU\NLR\bibl\1012106 | ||
| 005 | 20250614231624.0 | ||
| 010 |
_a5-89481-399-9 _94000 |
||
| 021 |
_aRU _b2006-65480 _93281 |
||
| 035 | _a(nilc)RSL-KNO-002958713 | ||
| 035 | _a(NLR Aleph) 000999733 | ||
| 090 |
_a570992 _c570992 |
||
| 100 | _a20061020d2006 |||y0rusy50 ca | ||
| 101 | 0 | _arus | |
| 102 | _aRU | ||
| 105 | _ay zzzz||||| | ||
| 106 | _ar | ||
| 200 | 1 |
_aЛекции по фтизиопульмонологии _eучебное пособие для студентов медицинских вузов _fВ.Ю. Мишин, А.К. Стрелис, В.И. Чуканов [и др.] |
|
| 210 |
_aМосква _cМедицинское информационное агентство _d2006 |
||
| 215 |
_a554 с. _d22 |
||
| 320 | _aБиблиогр.: с. 552-554 | ||
| 606 | 1 |
_aФтизиопульмонология _jУчебные издания для высших учебных заведений _91472285 _3RU\NLR\auth\66625569 |
|
| 610 | 0 | _aЗдравоохранение. Медицинские науки -- Фтизиатрия -- Учебник для высшей школы | |
| 686 |
_aР54я73-1 _2rubbk |
||
| 686 | _aР542я73 | ||
| 701 | 1 |
_aМишин _bВ. Ю. _gВладимир Юрьевич _4070 |
|
| 701 | 1 |
_aСтрелис _bА. К. _gАйвар Карлович _4070 |
|
| 701 | 1 |
_aЧуканов _bВ. И. _4070 |
|
| 801 | 0 |
_aRU _bРКП _c20061020 _grcr |
|
| 801 | 1 |
_aRU _bРГБ _c20061020 |
|
| 801 | 2 |
_aRU _bNLR _c20061122 _grcr |
|
| 830 | _a2-й авт. по ЭК. | ||
| 942 | _cBOOK | ||
| 980 | _aNB | ||